000
00322nam a2200109Ia 4500
008
200302s9999 xx 000 0 und d
100
_a
R. Siva Kumar ed.
245
_a
A Ramachandran : life and art in lines drawing sketches and studies 1958 to 1987 vol - 1
260
_b
Vadehra Art Gallery
260
_c
2014
300
_a
434
999
_c
7297
_d
7297